Normal view
MARC view
Entry Topical Term
001 - CONTROL NUMBER
- control field: 5546
003 - CONTROL NUMBER IDENTIFIER
- control field: ARRUPE
005 - DATE AND TIME OF LATEST TRANSACTION
- control field: 20131211164536.0
008 - FIXED-LENGTH DATA ELEMENTS
- fixed length control field: 131211|| aca||aabn | a|a d
040 ## - CATALOGING SOURCE
- Original cataloging agency: ARRUPE
- Transcribing agency: ARRUPE
150 ## - HEADING--TOPICAL TERM
- Topical term or geographic name as entry element: Criticism.
670 ## - SOURCE DATA FOUND
- Source citation: Work cat.: (ARRUPE)0: Ellis, John M. (John Martin), 1936- 5544, Against deconstruction /, c1989.